00302nam a2200133Ia 4500003000900000008004100009040001300050040001300063245004400076245001100120260002300131300000800154490000600162IT-RoPAU120407s9999 xx 000 0 und d aIT-RoPAU cIT-RoPAU aDidaché. Dottrina dei dodici apostoli cAA.VV. aSan Paolo Edizioni c cm v1